| 000 | 00565nam a22001457a 4500 | ||
|---|---|---|---|
| 003 | OSt | ||
| 005 | 20130613100057.0 | ||
| 008 | 130516s2006 sp ||||| |||| 00| 0 cat d | ||
| 040 | _cCDMR | ||
| 111 | 2 |
_91910 _aCongrés de Ràdio Municipal _cBarcelona _d2006 _n3r |
|
| 245 | 1 | 0 |
_aCap a un nou escenari en la comunicació de proximitat _b: memòria del III Congrés de Ràdio Municipal : Barcelona, 10 i 11 de novembre de 2006 |
| 260 |
_a[Barcelona] _bFederació de Ràdios Locals de Catalunya _c2006 |
||
| 650 | 0 | 4 |
_93756 _aRàdio local _zCatalunya _vCongressos |
| 942 |
_2udc _cMON |
||
| 999 |
_c6270 _d6270 |
||